000 00781nam a2200229 a 4500
001 000034293
005 20240229074004.0
008 110930s1974 dr 000 0 spa d
040 _aDO-SdBNP
_bspa
_cBNPHU
082 _a791.43
_bS127t
100 1 _a Sáez , José Luis
_d1937-
_9620
245 1 0 _aTeoría del cine :
_b(apuntes sobre el arte de nuestro tiempo) /
_cJosé Luís Sáez ; prólogo Erwin R. Cott.
260 _aSanto Domingo :
_bTaller,
_c1974.
300 _a250 p. ;
_c20 cm.
490 1 _aBiblioteca Taller
_v39
504 _aBibliografía : p. 235-250
590 _aInventariado, 2018/LP
650 4 _aCine (estética)
_959725
700 1 2 _aCott, Erwin R.
_epról.
_959726
830 0 _aBiblioteca Taller ;
_n39
_959727
910 _aValidado. Control de calidad MFF
999 _c33784
_d33784